| 000 | 00460nam a2200157 a 4500 | ||
|---|---|---|---|
| 005 | 20140412111235.0 | ||
| 008 | 010426s19uu xx 00 eng d | ||
| 020 | _a0-88336-814-5 | ||
| 050 |
_aTR(GS 510 _bDi642 1978 |
||
| 245 |
_aDividing whole numbers : _blevel one-book 5 / _cedited by Ann K. U. Tussing. |
||
| 260 |
_aNew York : _bNew Reader Press, _c1978. |
||
| 300 | _a64p. ; ill. | ||
| 650 | _aMathematics | ||
| 650 | _aDivision, math | ||
| 999 |
_c102406 _d102406 |
||